| 000 | 00355nam a2200145Ia 4500 | ||
|---|---|---|---|
| 008 | 230312s9999||||xx |||||||||||||| ||und|| | ||
| 020 | _a9781305879171 | ||
| 082 |
_aHF5548.4.M52 _bSHA-N |
||
| 100 | _aBunin | ||
| 245 | 0 | _aMicrosoft Project 2010 | |
| 260 |
_bCengage _aUSA _c2017 |
||
| 300 | _aREF24 | ||
| 650 |
_aComputer _vComputer Programs |
||
| 942 | _cBK | ||
| 999 |
_c17424 _d17424 |
||